Goleadores del fútbol argentino 2000-2009 - Estadísticas

Estadísticas generales
  • Esta prueba ha sido intentada 73 veces
  • La puntuación promedio es 29 de 100
Estadísticas de respuestas
Hint Respuesta % Correcto
APERTURA 2000 11 Boca Juniors Martín Palermo
95%
CLAUSURA 2006 11 Boca Juniors Martín Palermo
95%
APERTURA 2006 11 Boca Juniors Martín Palermo
95%
CLAUSURA 2007 11 Boca Juniors Martín Palermo
95%
APERTURA 2007 13 Boca Juniors Martín Palermo
95%
CLAUSURA 2008 10 Boca Juniors Martín Palermo
95%
APERTURA 2007 15 Lanús José Sand
74%
APERTURA 2008 15 Lanús José Sand
74%
CLAUSURA 2009 13 Lanús José Sand
74%
APERTURA 2009 14 Banfield Santiago Silva
70%
CLAUSURA 2000 17 Colón Esteban Fuertes
62%
CLAUSURA 2005 11 Colón Esteban Fuertes
62%
APERTURA 2008 11 Colón Esteban Fuertes
62%
CLAUSURA 2009 12 Colón Esteban Fuertes
62%
APERTURA 2005 10 Boca Juniors Rodrigo Palacio
52%
APERTURA 2006 12 Boca Juniors Rodrigo Palacio
52%
APERTURA 2004 12 Racing Club Lisandro López
48%
CLAUSURA 2009 11 Tigre Carlos Luna
46%
CLAUSURA 2009 11 Vélez Sarsfield Hernán Rodrigo López
46%
CLAUSURA 2007 9 San Lorenzo Gastón Fernández
44%
APERTURA 2008 8 Estudiantes de La Plata Mauro Boselli
44%
CLAUSURA 2006 9 Independiente Sergio Agüero
44%
APERTURA 2001 10 Estudiantes de La Plata Ernesto Farías
39%
CLAUSURA 2002 11 Estudiantes de La Plata Ernesto Farías
39%
CLAUSURA 2003 9 Estudiantes de La Plata Ernesto Farías
39%
APERTURA 2003 12 Estudiantes de La Plata Ernesto Farías
39%
CLAUSURA 2006 11 River Plate Ernesto Farías
39%
APERTURA 2006 12 Vélez Sarsfield Mauro Zárate
39%
CLAUSURA 2004 13 Vélez Sarsfield Rolando Zárate
39%
APERTURA 2004 8 Vélez Sarsfield Rolando Zárate
39%
CLAUSURA 2002 15 River Plate Fernando Cavenaghi
38%
CLAUSURA 2003 13 River Plate Fernando Cavenaghi
38%
APERTURA 2003 8 River Plate Fernando Cavenaghi
38%
CLAUSURA 2004 9 River Plate Fernando Cavenaghi
38%
APERTURA 2002 16 Independiente Andrés Silvera
36%
APERTURA 2007 8 San Lorenzo Andrés Silvera
36%
CLAUSURA 2006 9 Newell's Old Boys Ignacio Scocco
36%
CLAUSURA 2001 11 River Plate Javier Saviola
36%
APERTURA 2007 18 Independiente Germán Denis
31%
CLAUSURA 2008 9 Independiente Germán Denis
31%
CLAUSURA 2004 8 Arsenal José Luis Calderón
30%
CLAUSURA 2005 9 Arsenal José Luis Calderón
30%
APERTURA 2005 10 Estudiantes de La Plata José Luis Calderón
30%
CLAUSURA 2005 16 Estudiantes de La Plata Mariano Pavone
28%
APERTURA 2006 11 Estudiantes de La Plata Mariano Pavone
28%
APERTURA 2003 10 San Lorenzo Alberto Acosta
26%
APERTURA 2000 11 San Lorenzo Bernardo Romeo
26%
CLAUSURA 2001 15 San Lorenzo Bernardo Romeo
25%
APERTURA 2000 13 River Plate Juan Pablo Ángel
25%
CLAUSURA 2002 11 Huracán Daniel Montenegro
23%
CLAUSURA 2009 12 Independiente Daniel Montenegro
23%
CLAUSURA 2007 8 Banfield Darío Cvitanich
21%
CLAUSURA 2008 13 Banfield Darío Cvitanich
21%
APERTURA 2005 13 Tiro Federal Javier Cámpora
21%
APERTURA 2007 10 Tigre Leandro Lázzaro
21%
APERTURA 2002 10 Boca Juniors César Delgado
20%
APERTURA 2009 11 Newell's Old Boys Joaquín Boghossian
20%
APERTURA 2002 10 Rosario Central Luciano Figueroa
20%
CLAUSURA 2003 17 Rosario Central Luciano Figueroa
20%
APERTURA 2001 11 Independiente Diego Forlán
18%
APERTURA 2008 13 Tigre Martín Morel
18%
APERTURA 2006 11 Newell's Old Boys Óscar Cardozo
18%
CLAUSURA 2007 10 Newell's Old Boys Óscar Cardozo
18%
CLAUSURA 2000 9 Gimnasia y Esgrima de La Plata Facundo Sava
16%
APERTURA 2001 11 Gimnasia y Esgrima de La Plata Facundo Sava
16%
CLAUSURA 2002 12 Gimnasia y Esgrima de La Plata Facundo Sava
16%
CLAUSURA 2007 8 Racing Club Facundo Sava
16%
CLAUSURA 2008 9 River Plate Diego Buonanotte
15%
CLAUSURA 2001 14 River Plate Martín Cardetti
13%
APERTURA 2001 17 River Plate Martín Cardetti
13%
APERTURA 2009 10 Independiente Darío Gandín
11%
CLAUSURA 2003 11 Olimpo Cristian Castillo
8%
CLAUSURA 2000 10 Lanús Diego Klimowicz
8%
APERTURA 2004 8 Lanús Claudio Graf
7%
APERTURA 2009 12 Colón Federico Nieto
7%
APERTURA 2009 10 Argentinos Juniors Gabriel Hauche
7%
APERTURA 2005 10 Gimnasia y Esgrima de La Plata Gonzalo Vargas
7%
CLAUSURA 2006 12 Gimnasia y Esgrima de La Plata Gonzalo Vargas
7%
CLAUSURA 2005 9 Gimnasia y Esgrima de La Plata Claudio Enría
5%
CLAUSURA 2000 12 Instituto de Córdoba Daniel Jiménez
5%
APERTURA 2004 8 Huracán de Tres Arroyos Jeremías Caggiano
5%
CLAUSURA 2005 9 Huracán de Tres Arroyos Jeremías Caggiano
5%
CLAUSURA 2002 11 Banfield Josemir Lujambio
5%
CLAUSURA 2004 8 Newell's Old Boys Mauro Rosales
5%
CLAUSURA 2003 15 Vélez Sarsfield Roberto Nanni
5%
CLAUSURA 2004 11 Talleres de Córdoba Aldo Osorio
3%
APERTURA 2000 10 Gimnasia y Esgrima de La Plata Ariel Pereyra
3%
CLAUSURA 2000 13 Independiente Bruno Marioni
3%
APERTURA 2003 8 Banfield Jorge Cervera
3%
APERTURA 2004 8 Almagro Osvaldo Miranda
3%
APERTURA 2008 8 San Lorenzo Pablo Barrientos
3%
APERTURA 2002 11 Colón César Carignano
2%
APERTURA 2000 10 Unión de Santa Fe Daniel Tilger
2%
APERTURA 2002 8 Lanús Eduardo Bustos Montoya
2%
APERTURA 2001 9 River Plate Esteban Cambiasso
2%
CLAUSURA 2001 10 Chacarita Juniors Hugo Brizuela
2%
APERTURA 2005 10 Argentinos Juniors Leonardo Pisculichi
2%
CLAUSURA 2001 9 Almagro Maximiliano Bevacqua
2%
APERTURA 2003 10 Newell's Old Boys Julián Vásquez
0%
CLAUSURA 2008 9 San Martín de San Juan Martín Bravo
0%
No se encontraron pruebas coincidentes
Distribución de puntuación
Porcentaje de gente con cada puntuación
Porcentaje por número respondido
Historial de tus puntuaciones
No has intentado esta prueba.